000 00462nam a2200193Ia 4500
008 240509s9999 xx 000 0 und d
020 _a0000131018256
041 _aEng
082 _a005.74
082 _bD17
100 _aPATON,NORMAN , COPER,RICHARD (ET-AL)
245 0 _aDATABASE PROGRAMMING LANGUAGES
260 _bNEWYORK : PRINTICE HALL
260 _c1996
300 _a289 p.
650 _aDATABASE PROGRAMMING
942 _2ddc
942 _cLBK
999 _c22588
_d22588
945 _a1
_bMadushi Gamage
_c1
_dMadushi Gamage